|
|
|
|
| LEADER |
00000cam a2200000 7i4500 |
| 001 |
0000001553 |
| 005 |
20010801.0 |
| 090 |
0 |
0 |
|a 634.9751
|b FIE 1972
|
| 100 |
1 |
0 |
|a FIELDING
|h J. M.
|
| 245 |
1 |
2 |
|a A handbook of methods for the establishment of pine plantation in West Malaysia
|c by J. M. Fielding
|
| 260 |
0 |
0 |
|a Kuala Lumpur :
|b UNDP ,
|c 1972
|
| 300 |
|
|
|a ii, 44 p. :
|b ill. ;
|c 26 cm.
|
| 440 |
0 |
0 |
|a Working paper; n. 20
|
| 500 |
0 |
0 |
|a Bibliography : p. 32-33
|
| 650 |
0 |
0 |
|a Pine
|z Peninsular Malaysia
|
| 998 |
|
|
|a JPSM
|
| 999 |
|
|
|a 0000003901
|b Monograph
|c Open Shelf
|e Default branch
|
| 999 |
|
|
|a 0000003905
|b Monograph
|c Open Shelf
|e Default branch
|
| 999 |
|
|
|a 0000003917
|b Monograph
|c Open Shelf
|e Default branch
|